000 00311nam a22001457a 4500
008 221207b ||||| |||| 00| 0 eng d
020 _a9780618260362
041 _aeng
080 _a51
082 _a51NAR
100 _a20.1
101 _aMATE
245 _aCOLLEGE ALGEBRA
_cNARASIMHAN R
942 _2udc
_cBK
999 _c59122
_d59122